Rupaul's drag race outfits - Statistics

General Stats
  • This quiz has been taken 245 times
  • The average score is 9 of 15
Answer Stats
Hint Answer % Correct
Little Poundcake Alaska
95%
Brown cow stunning Monique Heart
89%
Bacon Kelly Mantle
86%
Peppermint Peppermint
82%
Burnt Cristallized glamazon Kennedy Davenport
81%
Sleeping bag Utica
77%
Red orange yellow Tina Burner
73%
Pinneaple Manila Luzon
71%
Baked potato Jiggly Caliente
67%
Disastah Aja
54%
Golden boot Lala Ri
49%
Smells like stickers Willam
43%
Miss Mandarine Shannel
42%
Gingerbread Kylie Sonique Love
19%
Galaxie gown Jaida Essence Hall
17%
No matching quizzes found
Score Distribution
Percent of People with Each Score
Percentile by Number Answered
Your Score History
You have not taken this quiz